000 01387 a2200229 4500
003 NUSt
005 20230705125829.0
010 _a7198485
040 _cNust
082 0 0 _a519,COO
100 _aCooke, Nelson M.
_9113371
245 0 0 _aBasic mathematics for electronics /
_cNelson M. Cooke ... [et al.].
260 _aMerica
_bMc Graw-Hill
_cc1970
300 _axi, 677 p. :
_bill. ;
_c25 cm.
505 _aChap#1 Introduction (Page 1), Alagebra.General numbers (Page-6), Algebra,addition and substraction (Page-14), Algebra,multiplication and division (Page-26), Equations (Page-43), Powers of ten (Page-60), Units and dimensions (Page-75), Ohm,s law,series circuits (Page-94), Resistance wire sizes (Page-115), Special products and factoring (Page-127), Algebraic functions (Page-147), Ohm,law parallel factors (Page-168), Meter circuits (Page-198), Graphs (Page-216), Determinants (Page-252), Batteries (Page-272), Quadratic equations (Page-297), Angles (Page-341), Periodic functions (Page-409), Graphical analysis (Page-591).
650 0 _aElectrical engineering
_xMathematics.
_955701
650 0 _aElectronics
_xMathematics.
_939051
700 1 _aCooke, Nelson Magor.
856 4 2 _3Publisher description
_uhttp://www.loc.gov/catdir/description/mh051/91020919.html
856 4 2 _3Table of contents
_uhttp://www.loc.gov/catdir/toc/mh041/91020919.html
942 _2ddc
_cBK
_k519,COO
999 _c181096
_d181096